Statistics for Minnesota Vikings Head Coaches

Click here to take the quiz!

General Stats

  • This quiz has been taken 59 times
    (32 since last reset)
  • The average score is 7 of 11

Answer Stats

EraHintAnswer% Correct
Minnesota Vikings2014-2021Mike Zimmer
96%
Minnesota Vikings1967-1983Bud Grant
89%
Minnesota Vikings1985Bud Grant
89%
Minnesota Vikings2022-presentKevin O'Connell
79%
Minnesota Vikings2010-2013Leslie Frazier
68%
Minnesota Vikings1992-2001Dennis Green
64%
Minnesota Vikings2001-2005Mike Tice
50%
Minnesota Vikings2006-2010Brad Childress
46%
Minnesota Vikings1961-1966Norm Van Brocklin
46%
Minnesota Vikings1986-1991Jerry Burns
36%
Minnesota Vikings1984Les Steckel
25%

Score Distribution

Percentile by Number Answered

Percent of People with Each Score

Your Score History

You have not taken this quiz since the last reset